• 首页
  • 本馆介绍
  • 公告通知
  • 最新文献
  • 馆藏检索
  • 电子资源
  • 读者导购
  • 参考咨询
  • 我的图书馆
  • 登录
  • 详细信息显示
  • 放入我的书架
  • 预约/预借图书
  • 作者相关作品
  • 分类相关作品
  • 丛书相关作品
  • 出版社相关作品

书目信息

  • 表格格式
  • 工作单格式
  • 卡片格式
题名:
当代大学生心理健康教育理论与实践教程
    
 
作者: 王殿春 , 冯梅梅 , 陈盈盈 主编
分册:  
出版信息: 北京   中国纺织出版社  2019
页数: 381页
开本: 26cm
丛书名:
单 册:
中图分类: G647.9
科图分类:
主题词: 大学生--心理健康--健康教育--教材
电子资源:
ISBN: 978-7-5180-3888-6
000 01239nam0 2200253 450
001 012001002197
005 20130122103616.0
010    @a978-7-5180-3888-6@dCNY99.00
100    @a20181129d2019 em y0chiy50 ea
101 0  @achi
102    @aCN@b110000
105    @ay z 000yy
106    @ar
200 1  @a当代大学生心理健康教育理论与实践教程@9dang dai da xue sheng xin li jian kang jiao yu li lun yu shi jian jiao cheng@f王殿春,冯梅梅,陈盈盈主编
210    @a北京@c中国纺织出版社@d2019
215    @a381页@d26cm
330    @a本书的结构具有新颖性和内在的逻辑关系,包括三个层次:第一,心理健康基础知识。第二,心理健康表现领域。根据大学生心理健康调查研究的发现,将常见心理问题表现的领域归纳为就业、休闲活动、认识自我、学习、人际交往、情绪管理、恋爱、理解家庭、压力应对、珍爱生命、审美鉴赏、网络接触。第三,心理问题咨询、预防与干预。从维护心理健康的角度出发,阐述了心理问题的识别、预防和矫治的方法,尤其强调珍爱生命的意义,以及遇到困扰和压力时有效的解决途径。
606 0  @a大学生@x心理健康@x健康教育@j教材
690    @aG647.9@v5
701  0 @a王殿春@9wang dian chun@4主编
701  0 @a冯梅梅@9feng mei mei@4主编
701  0 @a陈盈盈@9chen ying ying@4主编
801  0 @aCN@b江苏凤凰@c20191020
905    @b1215073-6@dG647.9@e1164@f4
    
    当代大学生心理健康教育理论与实践教程/王殿春,冯梅梅,陈盈盈主编.-北京:中国纺织出版社,2019
    381页;26cm
    
    
    ISBN 978-7-5180-3888-6:CNY99.00
    本书的结构具有新颖性和内在的逻辑关系,包括三个层次:第一,心理健康基础知识。第二,心理健康表现领域。根据大学生心理健康调查研究的发现,将常见心理问题表现的领域归纳为就业、休闲活动、认识自我、学习、人际交往、情绪管理、恋爱、理解家庭、压力应对、珍爱生命、审美鉴赏、网络接触。第三,心理问题咨询、预防与干预。从维护心理健康的角度出发,阐述了心理问题的识别、预防和矫治的方法,尤其强调珍爱生命的意义,以及遇到困扰和压力时有效的解决途径。
●
相关链接 在E读中查询图书 在五车中查询图书 在当当中查询图书 在豆瓣中查询图书


正题名:当代大学生心理健康教育理论与实践教程     索取号:G647.9/1164         预约/预借

序号 登录号 条形码 馆藏地/架位号 状态 备注
1 1215073   212150731   第一样本阅览室/ [索取号:G647.9/1164] 在馆    
2 1215074   212150740   教育系资料室/ [索取号:G647.9/1164] 在馆    
3 1215075   212150759   教育系资料室/ [索取号:G647.9/1164] 在馆    
4 1215076   212150768   第四借阅区/ [索取号:G647.9/1164] 在馆    
唐山师范学院图书馆 欢迎您!
大连网信软件有限公司© 版权所有